[Event "Madurai Athens of the East op-C U1700"]
[Site "Madurai"]
[Date "2023.12.26"]
[Round "7"]
[White "Kavishvaran, P."]
[Black "Mohammed Tharig, S."]
[Result "0-1"]
[WhiteElo "1547"]
[BlackElo "1566"]
[PlyCount "100"]
[EventDate "2023.12.24"]
[EventType "swiss"]
[EventRounds "9"]
[EventCountry "IND"]
[SourceTitle "CB06_2024"]
[SourceDate "2024.02.07"]
[SourceVersion "1"]
[SourceVersionDate "2024.02.07"]
[SourceQuality "1"]

1. e4 c6 2. d4 d5 3. exd5 cxd5 4. Bd3 Nc6 5. c3 Nf6 6. h3 g6 7. Bf4 Bf5 8. Ne2 Qd7 9. Ng3 Bxd3 10. Qxd3 Bg7 11. Nd2 0-0 12. 0-0 Ne8 13. Nf3 Nd6 14. Rfe1 f6 15. Re2 Nf7 16. Rae1 e5 17. dxe5 fxe5 18. Nxe5 Nfxe5 19. Bxe5 Nxe5 20. Rxe5 Bxe5 21. Rxe5 Rad8 22. h4 Qf7 23. Qe2 d4 24. cxd4 Rxd4 25. Re7 Qc4 26. h5 Qxe2 27. Rxe2 Kg7 28. hxg6 hxg6 29. f3 Rf7 30. Ne4 Rc7 31. Kf2 Rd5 32. a3 a6 33. Ke3 b5 34. Kf4 a5 35. Kg3 g5 36. Kg4 Kg6 37. f4 gxf4 38. Kxf4 Re7 39. Kf3 Rd3+ 40. Kf2 Rd4 41. Nc3 Rxe2+ 42. Kxe2 b4 43. axb4 Rxb4 44. Nd1 a4 45. Kd2 Rxb2+ 46. Kc1 a3 47. Nc3 Rb8 48. Na2 Kg5 49. Nc3 Kg4 50. Na2 Rb3 0-1

[Event "Madurai Athens of the East op-C U1700"]
[Site "Madurai"]
[Date "2023.12.26"]
[Round "9"]
[White "Shejal, Sahil Sanjay"]
[Black "Mohammed Tharig, S."]
[Result "1/2-1/2"]
[WhiteElo "1475"]
[BlackElo "1566"]
[PlyCount "21"]
[EventDate "2023.12.24"]
[EventType "swiss"]
[EventRounds "9"]
[EventCountry "IND"]
[SourceTitle "CB06_2024"]
[SourceDate "2024.02.07"]
[SourceVersion "1"]
[SourceVersionDate "2024.02.07"]
[SourceQuality "1"]

1. e4 c6 2. d4 d5 3. exd5 cxd5 4. Bd3 Nc6 5. c3 g6 6. Qb3 Nf6 7. Nf3 Ng8 8. Ng1 Nf6 9. Nf3 Ng8 10. Ng1 Nf6 11. Nf3 1/2-1/2

[Event "Madurai Athens of the East op-C U1700"]
[Site "Madurai"]
[Date "2023.12.25"]
[Round "4"]
[White "Mohammed Tharig, S."]
[Black "Padmapriyan, AR."]
[Result "1-0"]
[WhiteElo "1566"]
[BlackElo "1413"]
[PlyCount "85"]
[EventDate "2023.12.24"]
[EventType "swiss"]
[EventRounds "9"]
[EventCountry "IND"]
[SourceTitle "CB06_2024"]
[SourceDate "2024.02.07"]
[SourceVersion "1"]
[SourceVersionDate "2024.02.07"]
[SourceQuality "1"]

1. c4 f5 2. Nc3 e6 3. e4 fxe4 4. Nxe4 Nf6 5. Bd3 Nc6 6. Nf3 Be7 7. h4 Nb4 8. Nxf6+ Bxf6 9. Bb1 c5 10. d4 cxd4 11. Nxd4 Qa5 12. 0-0 Qe5 13. Nb5 0-0 14. a3 Nc6 15. Re1 Qc5 16. Qd3 Qh5 17. Bg5 Ne5 18. Qg3 Bxg5 19. Rxe5 Qd1+ 20. Kh2 Bf4 21. Bxh7+ Kxh7 22. Rxd1 Bxg3+ 23. Kxg3 a6 24. Nd6 Rd8 25. Rc5 Kg8 26. b3 Kf8 27. Rxc8 Raxc8 28. Nxc8 Rxc8 29. Rxd7 b5 30. Rd4 Ke7 31. Kg4 e5 32. Re4 Kf6 33. f4 exf4 34. Kxf4 bxc4 35. Rxc4 Rb8 36. Rc6+ Kf7 37. b4 Ra8 38. Kf5 a5 39. Rc7+ Kg8 40. b5 Rb8 41. a4 Rf8+ 42. Ke5 Rf2 43. b6 1-0

[Event "Eastern Asia-ch U16"]
[Site "Tornelo INT"]
[Date "2021.10.31"]
[Round "9"]
[White "Mohammed Tharig, S."]
[Black "Nguyen, Duc Dung"]
[Result "0-1"]
[WhiteElo "1090"]
[BlackElo "1601"]
[PlyCount "150"]
[EventDate "2021.10.29"]
[EventType "swiss"]
[EventRounds "9"]
[EventCountry "NET"]
[SourceTitle "CBM 205 Extra"]
[Source "ChessBase"]
[SourceDate "2022.01.31"]
[SourceVersion "1"]
[SourceVersionDate "2022.01.31"]
[SourceQuality "1"]

1. c4 c5 2. Nc3 b6 3. Nf3 Bb7 4. g3 Nf6 5. Bg2 e6 6. 0-0 Be7 7. b3 d5 8. cxd5 Nxd5 9. Nxd5 Bxd5 10. Bb2 Bf6 11. Bxf6 Qxf6 12. d3 0-0 13. Qd2 Nd7 14. Rac1 Ne5 15. Nxe5 Qxe5 16. f4 Qd6 17. Qe3 Bxg2 18. Kxg2 Rad8 19. Qf3 Qd5 20. h3 h6 21. g4 Rd6 22. Qxd5 Rxd5 23. f5 e5 24. Kf3 Rfd8 25. Rc4 Rd4 26. Rfc1 Kf8 27. Rxd4 exd4 28. e4 dxe3 29. Kxe3 Ke7 30. Rc4 Kf6 31. h4 Rd7 32. b4 cxb4 33. Rxb4 Re7+ 34. Re4 Rc7 35. Kf4 g5+ 36. hxg5+ hxg5+ 37. Ke3 Rc1 38. a4 Rc5 39. Kd2 Re5 40. Rc4 Rc5 41. Rxc5 bxc5 42. Kc3 Ke5 43. Kc4 Kf4 44. Kxc5 Kxg4 45. d4 Kxf5 46. d5 g4 47. d6 g3 48. d7 g2 49. d8Q g1Q+ 50. Kc6 Qg2+ 51. Kb5 Qe2+ 52. Kc5 Qe5+ 53. Kc6 Qc3+ 54. Kb7 Qb4+ 55. Kxa7 Qxa4+ 56. Kb7 Qb5+ 57. Ka7 f6 58. Qd2 Ke6 59. Qe3+ Kf7 60. Qf3 f5 61. Qh5+ Kf6 62. Qh6+ Ke5 63. Qh8+ Ke4 64. Qh1+ Kf4 65. Qh2+ Ke4 66. Qg2+ Ke5 67. Qh2+ Kd4 68. Qf4+ Kc3 69. Qc1+ Kb4 70. Qd2+ Kc5 71. Qe3+ Kd6 72. Qh6+ Kc7 73. Qc1+ Kd7 74. Qd2+ Ke8 75. Qe2+ Qxe2 0-1

[Event "Eastern Asia-ch U16"]
[Site "Tornelo INT"]
[Date "2021.10.31"]
[Round "8"]
[White "Mohammed Tharig, S."]
[Black "Tran, Dang Minh Quang"]
[Result "0-1"]
[WhiteElo "1090"]
[BlackElo "1837"]
[PlyCount "114"]
[EventDate "2021.10.29"]
[EventType "swiss"]
[EventRounds "9"]
[EventCountry "NET"]
[SourceTitle "CBM 205 Extra"]
[Source "ChessBase"]
[SourceDate "2022.01.31"]
[SourceVersion "1"]
[SourceVersionDate "2022.01.31"]
[SourceQuality "1"]

1. c4 e5 2. Nc3 Nc6 3. g3 Nf6 4. Bg2 Bc5 5. d3 0-0 6. Nf3 d6 7. 0-0 h6 8. e3 Bg4 9. h3 Bh5 10. a3 a5 11. Nd5 Nxd5 12. cxd5 Ne7 13. g4 Bg6 14. e4 c6 15. d4 exd4 16. Nxd4 cxd5 17. exd5 Qb6 18. Nb3 a4 19. Nxc5 Qxc5 20. Be3 Qb5 21. Re1 Rfe8 22. Bd4 Nxd5 23. Rxe8+ Rxe8 24. Bxg7 Kxg7 25. Qxd5 Qxb2 26. Rd1 Qxa3 27. Qd4+ Kg8 28. Ra1 Qc5 29. Qxc5 dxc5 30. Bxb7 c4 31. f4 Bc2 32. Kf2 Bb3 33. f5 c3 34. f6 Re6 35. Rc1 c2 36. h4 Rxf6+ 37. Ke3 Rd6 38. Be4 Rd1 39. Rxc2 Bxc2 40. Bxc2 a3 41. Bxd1 a2 42. Bf3 a1Q 43. Kf4 Kg7 44. Kg3 Qe5+ 45. Kh3 Qf4 46. Kg2 Kf6 47. Be2 Ke5 48. Bf3 Kd4 49. g5 hxg5 50. hxg5 Qxg5+ 51. Kf2 f5 52. Be2 f4 53. Bf3 Qg3+ 54. Ke2 Qh2+ 55. Kf1 Ke3 56. Bg2 f3 57. Bxf3 Qf2# 0-1